The spiritual life: (Record no. 12687)

000 -LEADER
fixed length control field 00570nam a2200181 a 4500
001 - CONTROL NUMBER
control field :::00010501$&:&@@
003 - CONTROL NUMBER IDENTIFIER
control field OkBaRHE
005 - DATE AND TIME OF LATEST TRANSACTION
control field 20000607103359.0
008 - FIXED-LENGTH DATA ELEMENTS--GENERAL INFORMATION
fixed length control field s1958 j 000 0 eng u
040 ## - CATALOGING SOURCE
Transcribing agency
100 1# - MAIN ENTRY--PERSONAL NAME
Personal name Marsh, Frederick Edward
245 14 - TITLE STATEMENT
Title The spiritual life:
Remainder of title or helps and hinderances.
260 ## - PUBLICATION, DISTRIBUTION, ETC. (IMPRINT)
Place of publication, distribution, etc Des Moines, IA., :
Name of publisher, distributor, etc The Boone Publishing Co.
Date of publication, distribution, etc c1958
300 ## - PHYSICAL DESCRIPTION
Extent 224 p. ;
Dimensions 19 cm.
650 ## - SUBJECT ADDED ENTRY--TOPICAL TERM
Topical term or geographic name as entry element Spiritual Life
942 ## - ADDED ENTRY ELEMENTS (KOHA)
Source of classification or shelving scheme
Koha item type Books
Copies
Koha item type Barcode Date acquired Source of classification or shelving scheme Withdrawn status Permanent Location Full call number Lost status Price effective from Shelving location Not for loan Damaged status Copy number Date last seen
Books105012010-04-14  RHEMA Bible Training CollegeBV 4501 .M35 2010-04-14General Stacks  12010-04-14